Statistics for Meats

Click here to take the quiz!

General Stats

  • This quiz has been taken 54 times
  • The average score is 4 of 8

Answer Stats

Answer% Correct
Bacon
98%
Chicken
90%
Sausage
90%
Lamb rack
64%
Duck
29%
Venison
7%
Pheasant
5%
Quail
5%

Score Distribution

Percentile by Number Answered

Percent of People with Each Score

Your Score History

You have not taken this quiz